Buddhism

Bibliographic Details
Main Author: Wangu, Madhu Bazaz
Format: Book
Published: New York : Facts On File , 1993
Series:World religions
Subjects:

MARC

LEADER 00000cam a2200000 7i4500
001 0000005265
002 000005688
005 20000330.0
020 |a 0816024421 
090 0 0 |a 294.3   |b WAN 
100 1 |a Wangu, Madhu Bazaz 
245 1 0 |a Buddhism   |c Madhu Bazaz Wandu 
260 |a New York :   |b Facts On File ,   |c 1993 
300 |a 128p. :   |b ill. ;   |c 23cm. 
490 0 |a World religions 
650 0 0 |a Buddism   |x Juvenile literature 
999 |a 056611   |b BUKU   |c PINJAMAN   |e PERPUSTAKAAN KOMUNITI PETALING JAYA